Σχέδια παιδαγωγικής διδασκαλίας : προς χρήσιν των δασκάλων παντός βαθμού
Αποθηκεύτηκε σε:
| Κύριος συγγραφέας: | |
|---|---|
| Μορφή: | Βιβλίο |
| Γλώσσα: | Greek |
| Δημοσίευση: |
Εν Αθήναις :
Ιωάννης Δ. Κολλάρος,
1927
|
| Θέματα: | |
| Ετικέτες: |
Προσθήκη ετικέτας
Δεν υπάρχουν, Καταχωρήστε ετικέτα πρώτοι!
|
MARC
| LEADER | 00000nam a2200000 i 4500 | ||
|---|---|---|---|
| 001 | 1/73872 | ||
| 008 | 961126s1927 gre d | ||
| 035 | |a 1996 |b 3 |c Δωρεά |l 10031634 | ||
| 040 | |a GR-MY-UA |b gre |e aacr | ||
| 041 | 0 | |a gre | |
| 082 | 0 | |a 370.1 | |
| 100 | 1 | |a Λάμψας, Δημήτριος Ι. | |
| 245 | 1 | 0 | |a Σχέδια παιδαγωγικής διδασκαλίας : |b προς χρήσιν των δασκάλων παντός βαθμού / |c Δημητρίου Ι. Λάμψα |
| 260 | |a Εν Αθήναις : |b Ιωάννης Δ. Κολλάρος, |c 1927 | ||
| 300 | |a 310 σ. | ||
| 650 | 0 | 0 | |a Education |x Philosophy. |
| 650 | 0 | 0 | |a Education |x Aims and objectives. |
| 852 | |a INST |b RHODES |e 19961126 |h 370.1 ΛΑΜ |p 005400006960 |q 005400006960 |t BK |y 0 | ||
| 909 | |a Ρ |b 042950 |c 1996 | ||
| 970 | |z 2000/08/ΔΕΜΕΝΑΓΑΣ ΠΕΤΡΟΣ | ||